Ballo di famiglia /

Gardado en:
Detalles Bibliográficos
Autor Principal: Leavitt, David (Author)
Outros autores: Vezzoli, Delfina
Formato: Libro
Idioma:Lingua italiana
Publicado: Milano : A. Mondadori, 1988
Edición:12. ed
Series:Omnibus
Tags: Engadir etiqueta
Sen Etiquetas, Sexa o primeiro en etiquetar este rexistro!

MARC

LEADER 00000nam a22000007i 4500
001 IT\ICCU\LIA\0078669
003 ItRI
005 20260220170148.0
008 940429s1988 it |||||| ||||| |||||c
020 |a 8804278633 
040 |b ita  |c NP 
041 7 |a ita  |2 ISO-639-2 
100 1 |a Leavitt, David  |0 IT\ICCU\CFIV\008092  |4 aut 
240 1 0 |a Family dancing.  |9 Leavitt, David 
245 1 0 |a Ballo di famiglia /  |c David Leavitt ; traduzione di Delfina Vezzoli. 
250 |a 12. ed 
260 |a Milano :  |b A. Mondadori,  |c 1988 
300 |a 197 p. ;  |c 23 cm. 
700 1 |a Vezzoli, Delfina  |0 IT\ICCU\CFIV\008093 
830 0 |a Omnibus  |0 IT\ICCU\CFI\0000512 
942 |2 ddc  |c BK  |n 0 
952 |0 0  |1 0  |2 ddc  |4 0  |6 853_010000000000000_LEA_BAL  |7 0  |9 33129  |a RO  |b RO  |d 2026-02-20  |l 0  |o 853.010 LEA BAL  |p 11721  |r 2026-02-20 17:02:51  |w 2026-02-20  |x N77  |y BK 
981 1 |6 z01  |a i   |b xxxe  
982 1 |6 z01  |a n 
999 |c 28788  |d 28788